Scanner NTA UGC NET/SET/JRF General paper 1 : teaching and research aptitude (Record no. 26151)
[ view plain ]
| 000 -LEADER | |
|---|---|
| fixed length control field | 00616nam a22002057a 4500 |
| 003 - CONTROL NUMBER IDENTIFIER | |
| control field | OSt |
| 005 - DATE AND TIME OF LATEST TRANSACTION | |
| control field | 20230516171024.0 |
| 008 - FIXED-LENGTH DATA ELEMENTS--GENERAL INFORMATION | |
| fixed length control field | 230516b |||||||| |||| 00| 0 eng d |
| 020 ## - INTERNATIONAL STANDARD BOOK NUMBER | |
| International Standard Book Number | 9789390021970 |
| 082 ## - DEWEY DECIMAL CLASSIFICATION NUMBER | |
| Edition number | 22 |
| Classification number | 153.94 |
| Item number | K96S |
| 100 ## - MAIN ENTRY--PERSONAL NAME | |
| Personal name | Kumar, Arun |
| 245 ## - TITLE STATEMENT | |
| Title | Scanner NTA UGC NET/SET/JRF General paper 1 : teaching and research aptitude |
| Statement of responsibility, etc | by Arun Kumar |
| 260 ## - PUBLICATION, DISTRIBUTION, ETC. (IMPRINT) | |
| Place of publication, distribution, etc | Prayagraj |
| Name of publisher, distributor, etc | Shuchita Prakashan |
| Date of publication, distribution, etc | 2023 |
| 300 ## - PHYSICAL DESCRIPTION | |
| Extent | xii, 228p. |
| Other physical details | Paperback |
| 653 ## - INDEX TERM--UNCONTROLLED | |
| Uncontrolled term | General Reference |
| 653 ## - INDEX TERM--UNCONTROLLED | |
| Uncontrolled term | Competitive examinations |
| 653 ## - INDEX TERM--UNCONTROLLED | |
| Uncontrolled term | Teaching and research aptitude |
| 700 ## - ADDED ENTRY--PERSONAL NAME | |
| Personal name | Kumar, Arun |
| 942 ## - ADDED ENTRY ELEMENTS (KOHA) | |
| Source of classification or shelving scheme | Dewey Decimal Classification |
| Koha item type | Books |
| Withdrawn status | Lost status | Source of classification or shelving scheme | Damaged status | Not for loan | Collection code | Home library | Current library | Date acquired | Total Checkouts | Full call number | Barcode | Date last seen | Date checked out | Price effective from | Koha item type | Checked out |
|---|---|---|---|---|---|---|---|---|---|---|---|---|---|---|---|---|
| Dewey Decimal Classification | General Text Book | Central University Of Rajasthan | Central University Of Rajasthan | 16/05/2023 | 13 | 153.94 K96S | D539 | 23/04/2026 | 13/04/2026 | 16/05/2023 | Donated Books | |||||
| Dewey Decimal Classification | General Text Book | Central University Of Rajasthan | Central University Of Rajasthan | 16/05/2023 | 20 | 153.94 K96S | D540 | 29/04/2026 | 29/04/2026 | 16/05/2023 | Donated Books | 29/05/2026 |
